000 01194nam a22002295i 4500
001 163980
003 ES-MaACL
005 20240513211130.0
008 050727s1852 sp | |||||||| ||spa d
040 _aCAM
_bspa
_cCAM
100 1 _aRosier, Joseph Bernard.
_9139093
245 1 3 _aEl sueño de una noche de verano
_b: opera cómica en tres actos /
_cescrita en francés por los señores Rosier y de Leuven ; libremente traducida al castellano por un ingenio de esta corte [Patricio de la Escosura] y puesta en música por el maestro J. Gastambide [sic].
260 _aMadrid :
_b[s.n.],
_c1852 (
_fImprenta de la Sociedad Tipográfico-Editorial á cargo de F. Abienzo)
300 _a63 p. ;
_c18 cm.
500 _aEn port.: Representada por primera vez en el Teatro del Circo en febrero de 1852.
500 _aSolo la letra.
700 1 _aLeuven, Adolphe de.
_9138026
700 0 _aGaztambide, Joaquín.
_956168
700 1 _aEscosura, Patricio de la,
_d1807-1878
_947617
852 _aES-MaACL
_jF-8619(6)
_z-- Enc. pasta española, falto de la cub. original
_z-- Enc. en un vol. facticio formando parte de la col. facticia "Teatro español moderno", vol. 74
999 _c163980
_d163980